Provinces of China Quiz - Statistics

General Stats
  • This quiz has been taken 8 times
  • The average score is 31 of 33
Answers on the Map
Answers color-coded by a green-red scale on the quiz's map according to % correct below.
 
Answer Stats
Type of Land Province Name % Correct
Municipality Beijing
100%
Municipality Chongqing
100%
Province Fujian
100%
Province Gansu
100%
Province Guangdong
100%
Autonomous Region Guangxi
100%
Province Hainan
100%
Province Hebei
100%
Province Heilongjiang
100%
Province Henan
100%
Special Region Hong Kong
100%
Province Hubei
100%
Province Hunan
100%
Autonomous Region Inner Mongolia
100%
Province Jilin
100%
Province Liaoning
100%
Special Region Macau
100%
Province Qinghai
100%
Municipality Shanghai
100%
Province Shanxi
100%
Province Sichuan
100%
Municipality Tianjin
100%
Autonomous Region Tibet
100%
Autonomous Region Xinjiang Uyghur
100%
Province Yunnan
100%
Province Anhui
83%
Province Jiangsu
83%
Province Jiangxi
83%
Autonomous Region Ningxia
83%
Province Shaanxi
83%
Province Shandong
83%
Province Guizhou
67%
Province Zhejiang
67%
No matching quizzes found
Score Distribution
Percent of People with Each Score
Percentile by Number Answered
Your Score History
You have not taken this quiz